Pokémon - Equipe des champions 5G (Noir 2 et Blanc 2) - Statistiques

Statistiques générales
  • Ce quiz a été pris 487 fois
  • Le résultat moyen est 59 sur 94
Statistiques - réponses
Hint Réponse % Correct
Ponchiot
98%
Ponchiot
98%
Tcheren Ratentif
93%
Mode Challenge Ratentif
93%
Manternel
91%
Manternel
91%
Inezia Emolga
89%
Mode Challenge Emolga
89%
Zeblitz
89%
Zeblitz
89%
Scobolide
88%
Scobolide
88%
Minotaupe
86%
Minotaupe
86%
Tranchodon
85%
Tranchodon
85%
Tranchodon
85%
Strykna Smogo
84%
Mode Challenge Smogo
84%
Lakmécygne
79%
Lakmécygne
79%
Artie Couverdure
78%
Watson Drakkarmin
77%
Mode Challenge Drakkarmin
77%
Drakkarmin
77%
Bardane Escroco
75%
Mode Challenge Escroco
75%
Karaclée
75%
Karaclée
75%
Moyade
75%
Moyade
75%
Moyade
75%
Moyade
75%
Crabicoque
74%
Mode Challenge Crabicoque
74%
Kunz Judokrak
74%
Mode Challenge Judokrak
74%
Bétochef
71%
Bétochef
71%
Symbios
68%
Symbios
68%
Lugulabre
66%
Lugulabre
66%
Shaofouine
66%
Shaofouine
66%
Sidérella
66%
Sidérella
66%
Léopardus
65%
Léopardus
65%
Scalproie
65%
Scalproie
65%
Iris Trioxhydre
64%
Crocorible
63%
Crocorible
63%
Percila Mushana
63%
Mode Challenge Mushana
63%
Anis Tutankafer
63%
Mode Challenge Tutankafer
63%
Pieris Baggaïd
61%
Mode Challenge Baggaïd
61%
Carolina Rhinolove
59%
Mode Challenge Rhinolove
59%
Cryptéro
57%
Cryptero
57%
Cryptéro
57%
Golemastoc
56%
Golemastoc
56%
Lainergie
50%
Lainergie
50%
Wailord
47%
Wailord
47%
Amana Mégapagos
46%
Mode Challenge Mégapagos
46%
Tadmorv
44%
Airmure
43%
Airmure
43%
Lokhlass
43%
Aéroptéryx
41%
Libégon
40%
Libégon
40%
Galeking
35%
Poichigeon
34%
Altaria
30%
Sablaireau
30%
Sablaireau
30%
Lucario
29%
Métalosse
27%
Carabing
23%
Statitik
23%
Escargaume
22%
Onix
21%
Branette
18%
Absol
17%
Démanta
16%
Aucun quiz correspondant
Distribution des résultats
% des personnes avec chaque résultat
Percentile par nombre de réponses
Votre historique - résultats
Vous n’avez pas pris ce quiz